Normal view MARC view
  • PatrickJMT

Entry Personal Name

Number of records used in: 1

001 - CONTROL NUMBER

  • control field: 797

003 - CONTROL NUMBER IDENTIFIER

  • control field: DLC

005 - DATE AND TIME OF LATEST TRANSACTION

  • control field: 20230920072459.0

008 - FIXED-LENGTH DATA ELEMENTS

  • fixed length control field: 140825n| azannaabn |a aaa c

010 ## - LIBRARY OF CONGRESS CONTROL NUMBER

  • LC control number: no2014112496

035 ## - SYSTEM CONTROL NUMBER

  • System control number: (OCoLC)oca09944122

040 ## - CATALOGING SOURCE

  • Original cataloging agency: ICrlF
  • Language of cataloging: eng
  • Description conventions: rda
  • Transcribing agency: ICrlF

100 0# - HEADING--PERSONAL NAME

  • Personal name: PatrickJMT
  • Fuller form of name: (Patrick Jones)

372 ## - FIELD OF ACTIVITY

  • Field of activity: Teaching
  • Field of activity: Writing

374 ## - OCCUPATION

  • Occupation: Teacher
  • Occupation: Author

375 ## - GENDER

  • Gender: male

377 ## - ASSOCIATED LANGUAGE

  • Language code: eng

400 1# - SEE FROM TRACING--PERSONAL NAME

  • Personal name: Jones, Patrick
  • Titles and other words associated with a name: (Mathematics teacher)

400 0# - SEE FROM TRACING--PERSONAL NAME

  • Personal name: Patrick just math tutorials
  • Fuller form of name: (Patrick Jones)

670 ## - SOURCE DATA FOUND

  • Source citation: PatrickJMT. 1001 calculus practice problems for dummies, c2014 :
  • Information found: t.p. (PatrickJMT) p. 4 of cover (Patrick Jones)

670 ## - SOURCE DATA FOUND

  • Source citation: Author's website, Aug. 22,
  • Information found: (Patrick just math tutorials, has been teaching mathematics for over eight years)